000 00567nam a2200181Ia 4500
001 2402
005 20260306144804.0
008 260306t2020||||xx |||||||||||||| ||spa||
041 _aESP
082 _a616.89
_bH45
100 _aHernández Pacheco, Manuel
_eAUT
245 0 _aApego y psicopatología:
_bla ansiedad y su origen: conceptualización y tratamiento de las patologías relacionadas con la ansiedad desde una perspectiva integradora
260 _c2020
300 _a381 páginas :
_c22 cm.
650 _aGEN
654 _aCPS
942 _cLIB
_dJUS
_fJUS
_2ddc
_n
999 _c2402
_d2402